Libro rojo de aves de Colombia / (Registro nro. 8583)
[ vista simple ]
| 000 -CABECERA | |
|---|---|
| Campo de control | 01278nam a22003137a 4500 |
| 005 - FECHA Y HORA DE LA ULTIMA TRANSACCION | |
| Campo de control | 20170325020002.0 |
| 008 - ELEMENTOS DE LONGITUD FIJA—INFORMACION GENERAL | |
| Campo de control | 021114s2002 ck ab r 00110 spa d |
| 020 ## - ISBN | |
| ISBN | 9588151082 |
| 040 ## - FUENTE DE CATALOGACIÓN | |
| Agencia catalogadora original | CO-BoIAVH |
| Agencia transcriptora | CO-BoIAVH |
| 041 0# - IDIOMA | |
| Código de idioma para texto/pista de sonido o título separado | Español |
| 044 ## - PAÍS DE PUBLICACIÓN | |
| País de publicación | Colombia |
| 082 04 - NUMERO DE CLASIFICACION DECIMAL DEWEY | |
| Número de clasificación | 598.2 |
| Número del ítem | R40l |
| 245 00 - MENCION DE TITULO | |
| Título | Libro rojo de aves de Colombia / |
| Mención de responsabilidad | ilustraciones Robin Schiele y Juan Cristóbal Calle. Editores Luis Miguel Renjifo ... [et al.]. |
| 260 ## - PUBLICACION, DISTRIBUCION, ETC. (PIE DE IMPRENTA) | |
| Lugar de publicación, distribución, etc. | Bogotá |
| Nombre del editor, distribuidor, etc. | Ministerio del Medio Ambiente |
| -- | Instituto Alexander von Humboldt |
| Fecha de publicación, distribución, etc. | 2002. |
| 300 ## - DESCRIPCION FISICA | |
| Extensión | 562 p. : |
| Otros detalles físicos | il., mapas ; |
| Dimensiones | 25 cm. |
| 504 ## - NOTA DE BIBLIOGRAFIA, ETC. | |
| Nota de bibliografía | Incluye bibliografía e índice de nombres científicos y comunes. |
| 590 ## - NOTA LOCAL | |
| Nota local | Reposición del Item CID-029515 13/10/2015 |
| 650 ## - ASIENTO SECUNDARIO DE MATERIA - TERMINO TEMATICO | |
| Término temático o nombre geográfico como elemento de entrada | Aves |
| Subdivisión geográfica | Colombia. |
| 650 #6 - ASIENTO SECUNDARIO DE MATERIA - TERMINO TEMATICO | |
| Término temático o nombre geográfico como elemento de entrada | Aves extintas |
| Subdivisión geográfica | Colombia. |
| 650 #6 - ASIENTO SECUNDARIO DE MATERIA - TERMINO TEMATICO | |
| Término temático o nombre geográfico como elemento de entrada | Aves |
| Subdivisión de forma | Clasificación |
| Subdivisión geográfica | Colombia. |
| 650 #6 - ASIENTO SECUNDARIO DE MATERIA - TERMINO TEMATICO | |
| Término temático o nombre geográfico como elemento de entrada | Población de aves |
| Subdivisión geográfica | Colombia. |
| 650 #6 - ASIENTO SECUNDARIO DE MATERIA - TERMINO TEMATICO | |
| Término temático o nombre geográfico como elemento de entrada | Aves |
| Subdivisión general | Distribución geográfica |
| Subdivisión geográfica | Colombia. |
| 650 ## - ASIENTO SECUNDARIO DE MATERIA - TERMINO TEMATICO | |
| Término temático o nombre geográfico como elemento de entrada | Aves |
| Subdivisión general | Conservación de especímenes |
| Subdivisión geográfica | Colombia. |
| 650 #6 - ASIENTO SECUNDARIO DE MATERIA - TERMINO TEMATICO | |
| Término temático o nombre geográfico como elemento de entrada | Aves |
| Subdivisión general | Hábitos y conducta. |
| 700 1# - ASIENTO SECUNDARIO - NOMBRE PERSONAL | |
| Nombre personal | Schiele, Robin, |
| Término de relación | il. |
| 700 1# - ASIENTO SECUNDARIO - NOMBRE PERSONAL | |
| Nombre personal | Calle-Vélez, Juan Cristóbal, |
| Término de relación | il. |
| 700 1# - ASIENTO SECUNDARIO - NOMBRE PERSONAL | |
| Nombre personal | Renjifo, Luis Miguel, |
| Término de relación | ed. |
| 942 ## - ELEMENTOS ADICIONALES (KOHA) | |
| Sistema de clasificación | Dewey Decimal Classification |
| Tipo de ítem | Libro |
| Koha issues (borrowed), all copies | 17 |
| Withdrawn status | Lost status | Sistema de Clasificación | Damaged status | No para préstamo | Colección | Inventariado | Ubicación Permanente | Ubicación actual | Fecha de adquisición | Fuente de Valor | Valor | Total Checkouts | Número topográfico | Inventario / Código de Barras | Date last seen | Date checked out | Ejemplar | Price effective from | Forma de adquisición | Tipo de material | Total Renewals |
|---|---|---|---|---|---|---|---|---|---|---|---|---|---|---|---|---|---|---|---|---|---|
| Dewey Decimal Classification | Humboldt | Inventariado 2017 | Bogotá | Bogotá | 31/07/2014 | Instituto | 50000.00 | 5 | IAVH-598.2 R40l | 038264 | 27/08/2018 | 27/08/2018 | Ej. 1 | 31/07/2014 | Institucional | Libro | |||||
| Dewey Decimal Classification | Humboldt | Inventariado 2017 | Bogotá | Bogotá | 31/07/2014 | Instituto | 50000.00 | 5 | IAVH-598.2 R40l | 014002 | 17/02/2017 | 17/02/2017 | Ej. 2 | 31/07/2014 | Institucional | Libro | |||||
| Perdido y Pagado | Dewey Decimal Classification | Humboldt | Bogotá | Bogotá | 31/07/2014 | 4 | IAVH-598.2 R40l | 029515 | 13/10/2015 | 21/07/2015 | Ej. 3 | 31/07/2014 | Institucional | Libro | 2 | ||||||
| Dewey Decimal Classification | Humboldt | Inventariado 2017 | Bogotá | Bogotá | 15/10/2015 | Instituto | 50000.00 | 3 | IAVH-598.2 R40l | 039278 | 22/04/2019 | 22/04/2019 | Ej. 3 | 15/10/2015 | Institucional | Libro | 1 | ||||
| Dewey Decimal Classification | Humboldt | Inventariado 2017 | Sala Fabio Quevedo | Sala Fabio Quevedo | 19/09/2014 | Instituto | 50000.00 | 1 | IAVH-598.2 R40l | 004205 | 24/03/2017 | 07/03/2017 | Ej. 5 | 19/09/2014 | Institucional | Libro | |||||
| Dewey Decimal Classification | Humboldt | Inventariado 2017 | Sala Fabio Quevedo | Sala Fabio Quevedo | 19/09/2014 | Instituto | 50000.00 | 1 | IAVH-598.2 R40l | 004204 | 24/03/2017 | 24/03/2017 | Ej. 4 | 19/09/2014 | Institucional | Libro | 1 |